[Event "Rheinland Pfalz op Seniors 16th"]
[Site "Neustadt an der Weinstrasse"]
[Date "2018.07.15"]
[Round "9"]
[White "Reese, Joachim"]
[Black "Otto, Klaus"]
[Result "1/2-1/2"]
[WhiteElo "1717"]
[BlackElo "1710"]
[PlyCount "31"]
[EventDate "2018.07.07"]
[EventType "swiss"]
[EventRounds "9"]
[EventCountry "GER"]
[SourceTitle "EXT 2019"]
[Source "ChessBase"]
[SourceDate "2018.10.10"]
[SourceVersion "1"]
[SourceVersionDate "2018.10.10"]
[SourceQuality "1"]

1. d4 Nf6 2. Bf4 d5 3. e3 e6 4. Nd2 c5 5. c3 Nc6 6. Ngf3 cxd4 7. exd4 Be7 8. Bd3 Nh5 9. Bg3 Nxg3 10. hxg3 g6 11. Ne5 Nxe5 12. dxe5 Qc7 13. f4 Bd7 14. Nf3 Qb6 15. Qd2 Bb5 16. Bxb5+ 1/2-1/2

[Event "Rheinland Pfalz op Seniors 16th"]
[Site "Neustadt an der Weinstrasse"]
[Date "2018.07.07"]
[Round "1"]
[White "Otto, Klaus"]
[Black "Kripp, Wolfgang"]
[Result "0-1"]
[WhiteElo "1710"]
[BlackElo "2029"]
[PlyCount "52"]
[EventDate "2018.07.07"]
[EventType "swiss"]
[EventRounds "9"]
[EventCountry "GER"]
[SourceTitle "EXT 2019"]
[Source "ChessBase"]
[SourceDate "2018.10.10"]
[SourceVersion "1"]
[SourceVersionDate "2018.10.10"]
[SourceQuality "1"]

1. e4 Nf6 2. Nc3 e5 3. Bc4 Nxe4 4. Bxf7+ Kxf7 5. Nxe4 d5 6. Ng3 Nc6 7. d3 Be7 8. Qf3+ Bf6 9. Nh5 Nd4 10. Qd1 Rf8 11. Nxf6 Qxf6 12. c3 Kg8 13. Be3 Nf5 14. Bc5 Rf7 15. Qe2 b6 16. Be3 Ba6 17. Qd2 d4 18. Bg5 dxc3 19. bxc3 Qd6 20. 0-0-0 h6 21. Be3 Rd8 22. d4 exd4 23. cxd4 Qc6+ 24. Qc2 Qxg2 25. Ne2 Nxe3 26. fxe3 Qxe2 0-1

[Event "Miedzyzdroje OB Seniors 24th"]
[Site "Miedzyzdroje"]
[Date "2016.06.22"]
[Round "6"]
[White "Otto, Klaus"]
[Black "Mrozewicz, Ryszard"]
[Result "1/2-1/2"]
[WhiteElo "1716"]
[BlackElo "1690"]
[PlyCount "70"]
[EventDate "2016.06.17"]
[EventType "swiss"]
[EventRounds "9"]
[EventCountry "POL"]
[SourceTitle "EXT 2019"]
[Source "ChessBase"]
[SourceDate "2018.10.10"]
[SourceVersion "1"]
[SourceVersionDate "2018.10.10"]
[SourceQuality "1"]

1. e4 d5 2. exd5 Qxd5 3. c4 Qa5 4. Nc3 c6 5. Nf3 Nf6 6. Be2 Bf5 7. 0-0 Nbd7 8. d4 e6 9. a3 Be7 10. Bf4 Nh5 11. Bd2 Nhf6 12. Nd5 Qd8 13. Nxe7 Qxe7 14. Bb4 c5 15. dxc5 Nxc5 16. Nh4 Be4 17. Qd4 b6 18. Bf3 Bxf3 19. Nxf3 a5 20. Bxc5 Qxc5 21. Qxc5 bxc5 22. Rfc1 Ke7 23. Ne5 Rhc8 24. Rc2 Rab8 25. f3 Rb6 26. Rac1 Rcb8 27. Nd3 Nd7 28. Kf2 a4 29. g4 h6 30. h4 f6 31. Kg3 e5 32. Kf2 Kf7 33. Ke3 Rb3 34. Ke4 Rc8 35. Ne1 Nb6 1/2-1/2

[Event "Miedzyzdroje OB Seniors 24th"]
[Site "Miedzyzdroje"]
[Date "2016.06.19"]
[Round "3"]
[White "Knapp, Michael"]
[Black "Otto, Klaus"]
[Result "1/2-1/2"]
[WhiteElo "1708"]
[BlackElo "1716"]
[PlyCount "84"]
[EventDate "2016.06.17"]
[EventType "swiss"]
[EventRounds "9"]
[EventCountry "POL"]
[SourceTitle "EXT 2019"]
[Source "ChessBase"]
[SourceDate "2018.10.10"]
[SourceVersion "1"]
[SourceVersionDate "2018.10.10"]
[SourceQuality "1"]

1. e4 e6 2. d4 d5 3. Nc3 Nf6 4. Bg5 Be7 5. e5 Nfd7 6. Bxe7 Qxe7 7. Nf3 a6 8. Be2 c5 9. dxc5 Nxc5 10. Nd4 Nbd7 11. f4 Nb6 12. Bf3 0-0 13. 0-0 Nc4 14. Qc1 b5 15. b3 Nb6 16. Qa3 Bb7 17. Rad1 Qc7 18. Nce2 Ncd7 19. Qb4 Rac8 20. Qe7 Qd8 21. Qxd8 Rfxd8 22. c3 Rc7 23. Rd3 Rdc8 24. Re3 Nf8 25. Bg4 Re8 26. f5 exf5 27. Bxf5 Rce7 28. Bd3 Rxe5 29. Rxe5 Rxe5 30. Nf5 Bc8 31. Nd6 Re3 32. Rf3 Rxf3 33. gxf3 Ng6 34. Kf2 Kf8 35. c4 dxc4 36. bxc4 Ne5 37. Nxc8 Nxc8 38. Be4 Nd6 39. cxb5 axb5 40. Bd5 g5 41. Ke3 f5 42. Kd4 Nd7 1/2-1/2

[Event "Bayern-ch Seniors op 27th"]
[Site "Bergen"]
[Date "2015.06.15"]
[Round "5"]
[White "Malik, Rosemarie"]
[Black "Otto, Klaus"]
[Result "0-1"]
[WhiteElo "1285"]
[BlackElo "1550"]
[PlyCount "98"]
[EventDate "2015.06.15"]
[EventType "swiss"]
[EventRounds "9"]
[EventCountry "GER"]
[SourceTitle "EXT 2019"]
[Source "ChessBase"]
[SourceDate "2018.10.10"]
[SourceVersion "1"]
[SourceVersionDate "2018.10.10"]
[SourceQuality "1"]

1. e4 e6 2. d4 d5 3. Nc3 Nf6 4. e5 Nfd7 5. Nf3 c5 6. Be3 cxd4 7. Bxd4 Nc6 8. Bb5 Nxd4 9. Bxd7+ Bxd7 10. Nxd4 Qb6 11. Rb1 Bb4 12. 0-0 Bxc3 13. bxc3 Qc7 14. Nf3 b6 15. Qd2 Rc8 16. Rb2 Qxc3 17. Qxc3 Rxc3 18. Rd1 0-0 19. Rd3 Rfc8 20. Rd2 Ba4 21. Nd4 R8c4 22. h3 Kf8 23. f3 Ke7 24. Kf2 g5 25. Ke1 f6 26. exf6+ Kxf6 27. Nb3 Be8 28. Nd4 Rc5 29. Re2 e5 30. Nb3 Rc7 31. Nc1 Bg6 32. Kd1 R7c4 33. Rd2 d4 34. Nd3 e4 35. fxe4 Bxe4 36. Ne1 Bg6 37. Rf2+ Kg7 38. Kc1 d3 39. Rd2 Rc7 40. Kb1 dxc2+ 41. Nxc2 Bxc2+ 42. Rdxc2 Rxc2 43. Rxc2 Rxc2 44. Kxc2 Kf6 45. g4 Ke5 46. Kd3 Kd5 47. Kc3 a5 48. a4 Kc5 49. Kb3 Kd4 0-1

[Event "Hessen-ch Seniors op 11th"]
[Site "Bad Sooden-Allendorf"]
[Date "2015.05.12"]
[Round "4"]
[White "Otto, Klaus"]
[Black "Komeinda, Josef"]
[Result "1-0"]
[WhiteElo "1753"]
[BlackElo "1633"]
[PlyCount "89"]
[EventDate "2015.05.09"]
[EventType "swiss"]
[EventRounds "9"]
[EventCountry "GER"]
[SourceTitle "EXT 2018"]
[Source "ChessBase"]
[SourceDate "2017.10.13"]
[SourceVersion "1"]
[SourceVersionDate "2017.10.13"]
[SourceQuality "1"]

1. e4 c5 2. Nf3 g6 3. d4 cxd4 4. Nxd4 Nc6 5. Be3 Bg7 6. Qd2 a6 7. Nc3 e6 8. Be2 Qc7 9. f4 d6 10. 0-0 Bd7 11. a3 h5 12. Rad1 Nh6 13. Nxc6 Ng4 14. Nd4 Nxe3 15. Qxe3 Qb6 16. Nf5 Qxe3+ 17. Nxe3 Ke7 18. Nc4 Bxc3 19. bxc3 Bb5 20. Rf2 Bxc4 21. Bxc4 b5 22. Bb3 Rac8 23. Rf3 Rc5 24. Rfd3 Rd8 25. Kf2 h4 26. h3 f5 27. e5 d5 28. a4 bxa4 29. Bxa4 Rc4 30. Rd4 Rxc3 31. R1d3 Rc5 32. Rb4 Rc7 33. Ke2 a5 34. Rbd4 Rb8 35. Bb3 Kf8 36. Kd2 Kg7 37. Rc3 Rxc3 38. Kxc3 Kh6 39. Kd3 g5 40. fxg5+ Kxg5 41. Ke3 Rb4 42. Rxb4 axb4 43. Ba4 f4+ 44. Kd4 Kf5 45. Bd7 1-0

[Event "Hessen-ch Seniors op 11th"]
[Site "Bad Sooden-Allendorf"]
[Date "2015.05.09"]
[Round "1"]
[White "Kierzek, Mira"]
[Black "Otto, Klaus"]
[Result "1-0"]
[WhiteElo "2073"]
[BlackElo "1753"]
[PlyCount "47"]
[EventDate "2015.05.09"]
[EventType "swiss"]
[EventRounds "9"]
[EventCountry "GER"]
[SourceTitle "EXT 2018"]
[Source "ChessBase"]
[SourceDate "2017.10.13"]
[SourceVersion "1"]
[SourceVersionDate "2017.10.13"]
[SourceQuality "1"]

1. d4 Nf6 2. c4 e5 3. dxe5 Ng4 4. Bf4 Nc6 5. Nf3 Bb4+ 6. Nc3 Qe7 7. Qd5 Bxc3+ 8. bxc3 f6 9. exf6 Nxf6 10. Qd3 d6 11. e3 0-0 12. Be2 Ne4 13. 0-0 Bf5 14. Nd4 Nxd4 15. Qxd4 Nc5 16. Bg3 Be4 17. f3 Bc6 18. e4 Rf7 19. Rae1 Rd8 20. Bd1 b6 21. Bc2 Ne6 22. Qd2 Qg5 23. Qxg5 Nxg5 24. Bh4 1-0

[Event "Bayern-ch op Seniors 26th"]
[Site "Bergen"]
[Date "2014.06.28"]
[Round "8"]
[White "Otto, Klaus"]
[Black "Worschech, Roland"]
[Result "1/2-1/2"]
[WhiteElo "1499"]
[BlackElo "1730"]
[PlyCount "33"]
[EventDate "2014.06.21"]
[EventType "swiss"]
[EventRounds "7"]
[EventCountry "GER"]
[SourceTitle "EXT 2018"]
[Source "ChessBase"]
[SourceDate "2017.10.13"]
[SourceVersion "1"]
[SourceVersionDate "2017.10.13"]
[SourceQuality "1"]

1. e4 c5 2. Nf3 d6 3. d4 cxd4 4. Nxd4 Nc6 5. Nc3 Nf6 6. Be2 g6 7. Be3 Bg7 8. f3 0-0 9. Qd2 Bd7 10. g4 a6 11. h4 Qa5 12. Nb3 Qd8 13. h5 Rc8 14. hxg6 fxg6 15. 0-0-0 Ne5 16. Nd5 Be8 17. Bh6 1/2-1/2

[Event "Bayern-ch op Seniors 26th"]
[Site "Bergen"]
[Date "2014.06.27"]
[Round "7"]
[White "Reimann, Guenther"]
[Black "Otto, Klaus"]
[Result "1/2-1/2"]
[WhiteElo "1768"]
[BlackElo "1499"]
[PlyCount "46"]
[EventDate "2014.06.21"]
[EventType "swiss"]
[EventRounds "7"]
[EventCountry "GER"]
[SourceTitle "EXT 2018"]
[Source "ChessBase"]
[SourceDate "2017.10.13"]
[SourceVersion "1"]
[SourceVersionDate "2017.10.13"]
[SourceQuality "1"]

1. c4 Nf6 2. Nf3 g6 3. g3 Bg7 4. Bg2 0-0 5. 0-0 Nc6 6. d3 b6 7. Nbd2 Bb7 8. Rb1 a5 9. b3 Nb4 10. a3 Nc6 11. Bb2 Rb8 12. Re1 Ne8 13. Bxg7 Nxg7 14. Qc2 d6 15. d4 e6 16. Rbc1 Ne7 17. e4 c5 18. Rcd1 Qc7 19. d5 e5 20. Nh4 Rbd8 21. Rf1 Bc8 22. h3 g5 23. Nhf3 f6 1/2-1/2

[Event "Bayern-ch op Seniors 26th"]
[Site "Bergen"]
[Date "2014.06.25"]
[Round "5"]
[White "Niedermaier, Peter"]
[Black "Otto, Klaus"]
[Result "1/2-1/2"]
[WhiteElo "1684"]
[BlackElo "1499"]
[PlyCount "58"]
[EventDate "2014.06.21"]
[EventType "swiss"]
[EventRounds "7"]
[EventCountry "GER"]
[SourceTitle "EXT 2018"]
[Source "ChessBase"]
[SourceDate "2017.10.13"]
[SourceVersion "1"]
[SourceVersionDate "2017.10.13"]
[SourceQuality "1"]

1. e4 e6 2. d4 d5 3. Nc3 Nf6 4. exd5 Nxd5 5. Nxd5 exd5 6. Nf3 Bg4 7. Be2 Bd6 8. Be3 Nd7 9. h3 Bh5 10. 0-0 0-0 11. c3 Bg6 12. Bd3 Bxd3 13. Qxd3 Be7 14. Rfe1 Re8 15. Rac1 c6 16. b3 Nf8 17. Bf4 Ng6 18. Bh2 Qd7 19. Re3 Bd6 20. Bxd6 Qxd6 21. Rce1 Rxe3 22. Rxe3 Qd7 23. Qe2 Kf8 24. Ne5 Nxe5 25. Rxe5 Re8 26. f4 Rxe5 27. Qxe5 a6 28. Qb8+ Ke7 29. Qe5+ Kf8 1/2-1/2

[Event "Bayern-ch op Seniors 26th"]
[Site "Bergen"]
[Date "2014.06.24"]
[Round "4"]
[White "Otto, Klaus"]
[Black "Wolfram, Gisbert"]
[Result "1-0"]
[WhiteElo "1499"]
[BlackElo "1637"]
[PlyCount "53"]
[EventDate "2014.06.21"]
[EventType "swiss"]
[EventRounds "7"]
[EventCountry "GER"]
[SourceTitle "EXT 2018"]
[Source "ChessBase"]
[SourceDate "2017.10.13"]
[SourceVersion "1"]
[SourceVersionDate "2017.10.13"]
[SourceQuality "1"]

1. e4 c5 2. Nf3 Nc6 3. d4 cxd4 4. Nxd4 Nf6 5. Nc3 e5 6. Nf3 Bb4 7. Bd3 d5 8. Bd2 Bxc3 9. Bxc3 dxe4 10. Nxe5 exd3 11. cxd3 Nxe5 12. Bxe5 0-0 13. 0-0 Be6 14. h3 Rc8 15. b3 Qd5 16. Qe2 Rfd8 17. Rad1 Qb5 18. f4 Nd5 19. f5 f6 20. fxe6 fxe5 21. Qxe5 Re8 22. Rf7 Qb6+ 23. Kh1 Nf6 24. Qg5 Nh5 25. Qxh5 Rxe6 26. Rdf1 Qc6 27. Rxg7+ 1-0

[Event "Bayern-ch op Seniors 26th"]
[Site "Bergen"]
[Date "2014.06.22"]
[Round "3"]
[White "Oser, Thor"]
[Black "Otto, Klaus"]
[Result "1/2-1/2"]
[WhiteElo "1622"]
[BlackElo "1499"]
[PlyCount "30"]
[EventDate "2014.06.21"]
[EventType "swiss"]
[EventRounds "7"]
[EventCountry "GER"]
[SourceTitle "EXT 2018"]
[Source "ChessBase"]
[SourceDate "2017.10.13"]
[SourceVersion "1"]
[SourceVersionDate "2017.10.13"]
[SourceQuality "1"]

1. d4 d5 2. e3 e6 3. Bd3 c5 4. c3 c4 5. Bc2 Bd6 6. f4 f5 7. Nf3 Nf6 8. Ne5 0-0 9. Qf3 Ne4 10. h4 Qf6 11. Nd2 Bxe5 12. dxe5 Qg6 13. Nxe4 fxe4 14. Qf2 Nd7 15. h5 Qf7 1/2-1/2

[Event "Bayern-ch op Seniors 26th"]
[Site "Bergen"]
[Date "2014.06.22"]
[Round "2"]
[White "Otto, Klaus"]
[Black "Zschorsch, Peter"]
[Result "0-1"]
[WhiteElo "1499"]
[BlackElo "1788"]
[PlyCount "98"]
[EventDate "2014.06.21"]
[EventType "swiss"]
[EventRounds "7"]
[EventCountry "GER"]
[SourceTitle "EXT 2018"]
[Source "ChessBase"]
[SourceDate "2017.10.13"]
[SourceVersion "1"]
[SourceVersionDate "2017.10.13"]
[SourceQuality "1"]

1. e4 d6 2. d4 Nc6 3. Nf3 Bg4 4. Be3 e6 5. Be2 Nf6 6. Nc3 Be7 7. 0-0 0-0 8. Nd2 Bxe2 9. Qxe2 e5 10. Nb3 exd4 11. Nxd4 Nxd4 12. Bxd4 Re8 13. Rad1 Qc8 14. f3 a6 15. Qd3 b5 16. a3 Qe6 17. Rfe1 c6 18. e5 Nh5 19. exd6 Qxd6 20. Be5 Qxd3 21. cxd3 f6 22. Bg3 Bc5+ 23. Kf1 Rxe1+ 24. Rxe1 Rd8 25. Re6 Nxg3+ 26. hxg3 Rd6 27. Rxd6 Bxd6 28. g4 Be5 29. Nd1 Kf7 30. Ke2 Ke6 31. Ke3 c5 32. b3 g6 33. f4 Bd4+ 34. Kf3 Kd5 35. Ne3+ Bxe3 36. Kxe3 c4 37. bxc4+ bxc4 38. dxc4+ Kxc4 39. Ke4 a5 40. f5 g5 41. a4 Kc5 42. Kd3 Kb4 43. Kd4 Kxa4 44. Kd5 Kb5 45. Ke6 a4 46. Kxf6 a3 47. Kxg5 a2 48. f6 a1Q 49. f7 Qg7+ 0-1

[Event "Bayern-ch op Seniors 26th"]
[Site "Bergen"]
[Date "2014.06.21"]
[Round "1"]
[White "Kolkwitz, Klaus"]
[Black "Otto, Klaus"]
[Result "1/2-1/2"]
[WhiteElo "1784"]
[BlackElo "1499"]
[PlyCount "36"]
[EventDate "2014.06.21"]
[EventType "swiss"]
[EventRounds "7"]
[EventCountry "GER"]
[SourceTitle "EXT 2018"]
[Source "ChessBase"]
[SourceDate "2017.10.13"]
[SourceVersion "1"]
[SourceVersionDate "2017.10.13"]
[SourceQuality "1"]

1. d4 Nf6 2. Nf3 d5 3. e3 e6 4. Bd3 c5 5. c3 Nc6 6. Nbd2 Be7 7. 0-0 0-0 8. dxc5 Bxc5 9. e4 dxe4 10. Nxe4 Nxe4 11. Bxe4 Qb6 12. Bxh7+ Kxh7 13. Ng5+ Kg6 14. h4 Rh8 15. Qg4 f5 16. Qg3 Kf6 17. Nh3 Kf7 18. Nf4 Ne7 1/2-1/2

[Event "Hessen-ch Seniors op 10th"]
[Site "Bad Sooden-Allendorf"]
[Date "2014.04.30"]
[Round "5"]
[White "Otto, Klaus"]
[Black "Bartl, Birgit"]
[Result "1-0"]
[WhiteElo "1763"]
[BlackElo "1511"]
[PlyCount "65"]
[EventDate "2014.04.26"]
[EventType "swiss"]
[EventRounds "9"]
[EventCountry "GER"]
[SourceTitle "EXT 2018"]
[Source "ChessBase"]
[SourceDate "2017.10.13"]
[SourceVersion "1"]
[SourceVersionDate "2017.10.13"]
[SourceQuality "1"]

1. e4 c5 2. Nf3 Nc6 3. d4 cxd4 4. Nxd4 Nf6 5. Nc3 d6 6. Be2 e6 7. Be3 Be7 8. 0-0 0-0 9. h3 a6 10. a3 d5 11. exd5 Nxd5 12. Nxd5 Nxd4 13. Nxe7+ Qxe7 14. Qxd4 Rd8 15. Qc5 Qe8 16. Rad1 Bd7 17. Qb4 b5 18. Bf3 Rab8 19. Rd3 Rdc8 20. Qd2 Bc6 21. Bxc6 Rxc6 22. Rd1 Rcc8 23. Ba7 Ra8 24. Bb6 Qe7 25. Rd8+ Rxd8 26. Bxd8 Qe8 27. Ba5 g6 28. Bc3 h5 29. Qh6 e5 30. Qg5 Qf8 31. Qxe5 Kh7 32. Qf6 a5 33. Rd7 1-0

[Event "Hessen-ch Seniors op 10th"]
[Site "Bad Sooden-Allendorf"]
[Date "2014.04.29"]
[Round "4"]
[White "Wagner, Lothar"]
[Black "Otto, Klaus"]
[Result "1-0"]
[WhiteElo "1796"]
[BlackElo "1763"]
[PlyCount "87"]
[EventDate "2014.04.26"]
[EventType "swiss"]
[EventRounds "9"]
[EventCountry "GER"]
[SourceTitle "EXT 2018"]
[Source "ChessBase"]
[SourceDate "2017.10.13"]
[SourceVersion "1"]
[SourceVersionDate "2017.10.13"]
[SourceQuality "1"]

1. d4 Nf6 2. c4 e5 3. dxe5 Ng4 4. Nf3 Nc6 5. Bf4 Bb4+ 6. Nbd2 Qe7 7. a3 Bxd2+ 8. Qxd2 Ngxe5 9. Nxe5 Nxe5 10. e3 d6 11. Be2 0-0 12. 0-0 Be6 13. Rac1 Rad8 14. Qc3 Ng6 15. Bg3 c6 16. Bf3 d5 17. c5 Nh4 18. Be2 Nf5 19. Bf4 Qd7 20. Rfd1 Qc8 21. Qb4 f6 22. g4 Nh4 23. Bg3 Ng6 24. h3 Rd7 25. f4 Ne7 26. f5 Bf7 27. Bd6 Re8 28. Qf4 h6 29. Bd3 Qd8 30. Qg3 Kh8 31. h4 Nc8 32. Bf4 Kh7 33. Kf2 Rg8 34. g5 Be8 35. Bb1 Qe7 36. Rg1 Qf8 37. g6+ Kh8 38. b4 a6 39. Rcd1 Qe7 40. Qf3 Qd8 41. Qh5 Na7 42. Bxh6 Rf8 43. Bf4+ Kg8 44. Qh7# 1-0

[Event "Hessen-ch Seniors op 10th"]
[Site "Bad Sooden-Allendorf"]
[Date "2014.04.27"]
[Round "2"]
[White "Niebling, Ferdinand"]
[Black "Otto, Klaus"]
[Result "1-0"]
[WhiteElo "2127"]
[BlackElo "1763"]
[PlyCount "41"]
[EventDate "2014.04.26"]
[EventType "swiss"]
[EventRounds "9"]
[EventCountry "GER"]
[SourceTitle "EXT 2018"]
[Source "ChessBase"]
[SourceDate "2017.10.13"]
[SourceVersion "1"]
[SourceVersionDate "2017.10.13"]
[SourceQuality "1"]

1. d4 Nf6 2. c4 d5 3. cxd5 Nxd5 4. e4 Nf6 5. Nc3 e6 6. Nf3 Be7 7. Bd3 Nc6 8. 0-0 0-0 9. e5 Nd5 10. Ne4 f5 11. exf6 Nxf6 12. Be3 Nb4 13. Bb1 Nbd5 14. a3 Bd7 15. Qd3 a6 16. Re1 Be8 17. Ne5 Bb5 18. Qc2 g6 19. Bh6 Re8 20. Ng5 Bd6 21. Nxh7 1-0

[Event "Hessen-ch Seniors op 09th"]
[Site "Bad Sooden-Allendorf"]
[Date "2013.04.25"]
[Round "6"]
[White "Becker, Guenter"]
[Black "Otto, Klaus"]
[Result "1-0"]
[WhiteElo "1833"]
[BlackElo "1820"]
[PlyCount "97"]
[EventDate "2013.04.20"]
[EventType "swiss"]
[EventRounds "9"]
[EventCountry "GER"]
[SourceTitle "EXT 2019"]
[Source "ChessBase"]
[SourceDate "2018.10.10"]
[SourceVersion "1"]
[SourceVersionDate "2018.10.10"]
[SourceQuality "1"]

1. c4 Nf6 2. g3 c5 3. Nc3 Nc6 4. Bg2 g6 5. e4 d6 6. Nge2 Bg7 7. 0-0 0-0 8. d3 Bd7 9. h3 Qc8 10. Kh2 a6 11. Be3 Rb8 12. a4 Ne8 13. Qd2 Na7 14. Nd5 Qd8 15. a5 e6 16. Nb6 Bc6 17. Rab1 Nc8 18. Nxc8 Rxc8 19. b4 cxb4 20. Bb6 Qd7 21. Qxb4 Nc7 22. Nd4 Na8 23. Nxc6 bxc6 24. Be3 c5 25. Qb7 Nc7 26. Rb6 Rfd8 27. Rfb1 Bc3 28. Rc6 Kg7 29. Rc1 Bxa5 30. e5 Rb8 31. Rxd6 Rxb7 32. Rxd7 Rxd7 33. Bxb7 Bb4 34. Be4 a5 35. f4 Na6 36. Ra1 Rd8 37. Kg2 Nc7 38. Kf3 h5 39. g4 hxg4+ 40. hxg4 Rh8 41. Kg3 Rd8 42. f5 Bc3 43. Ra2 Bxe5+ 44. Bf4 Bxf4+ 45. Kxf4 gxf5 46. gxf5 exf5 47. Kxf5 Ne8 48. Ke5 Nf6 49. Rg2+ 1-0

[Event "Hessen-ch Seniors op 09th"]
[Site "Bad Sooden-Allendorf"]
[Date "2013.04.24"]
[Round "5"]
[White "Otto, Klaus"]
[Black "Kolkwitz, Klaus"]
[Result "1/2-1/2"]
[WhiteElo "1820"]
[BlackElo "1848"]
[PlyCount "31"]
[EventDate "2013.04.20"]
[EventType "swiss"]
[EventRounds "9"]
[EventCountry "GER"]
[SourceTitle "EXT 2019"]
[Source "ChessBase"]
[SourceDate "2018.10.10"]
[SourceVersion "1"]
[SourceVersionDate "2018.10.10"]
[SourceQuality "1"]

1. e4 d6 2. d4 Nf6 3. Nc3 g6 4. h3 Bg7 5. e5 dxe5 6. dxe5 Qxd1+ 7. Nxd1 Nd5 8. f4 Nc6 9. c3 f6 10. exf6 exf6 11. Bc4 Be6 12. Bb5 Kf7 13. Ne2 Nce7 14. 0-0 c6 15. Bc4 Rad8 16. Ne3 1/2-1/2

[Event "Hessen-ch Seniors op 09th"]
[Site "Bad Sooden-Allendorf"]
[Date "2013.04.20"]
[Round "1"]
[White "Otto, Klaus"]
[Black "Kotlar, Alfred"]
[Result "0-1"]
[WhiteElo "1820"]
[BlackElo "2068"]
[PlyCount "70"]
[EventDate "2013.04.20"]
[EventType "swiss"]
[EventRounds "9"]
[EventCountry "GER"]
[SourceTitle "EXT 2019"]
[Source "ChessBase"]
[SourceDate "2018.10.10"]
[SourceVersion "1"]
[SourceVersionDate "2018.10.10"]
[SourceQuality "1"]

1. e4 g6 2. d4 Bg7 3. c3 a6 4. Be3 d6 5. Qd2 Nd7 6. Be2 b6 7. Na3 Bb7 8. Bf3 c5 9. Ne2 Qc7 10. Rc1 Ngf6 11. Ng3 0-0 12. 0-0 Rad8 13. Bh6 Ne8 14. Bxg7 Nxg7 15. Rfe1 b5 16. Qg5 f6 17. Qe3 Qb8 18. Nc2 Qa8 19. b4 c4 20. Rcd1 e6 21. d5 e5 22. Be2 Bc8 23. f3 Qb7 24. Ra1 Nb6 25. Rf1 f5 26. Nh1 Na4 27. Nf2 Rf7 28. Kh1 Qe7 29. Nd1 Rdf8 30. Kg1 Nh5 31. Rb1 Nf4 32. g3 Nxe2+ 33. Qxe2 fxe4 34. Qxe4 Bf5 35. Qe2 Bd3 0-1

[Event "Hessen-ch Seniors op 08th"]
[Site "Bad Sooden-Allendorf"]
[Date "2012.04.18"]
[Round "5"]
[White "Otto, Klaus"]
[Black "Josting, Friedel"]
[Result "1/2-1/2"]
[WhiteElo "1873"]
[BlackElo "1969"]
[PlyCount "49"]
[EventDate "2012.04.14"]
[EventType "swiss"]
[EventRounds "9"]
[EventCountry "GER"]
[SourceTitle "EXT 2019"]
[Source "ChessBase"]
[SourceDate "2018.10.10"]
[SourceVersion "1"]
[SourceVersionDate "2018.10.10"]
[SourceQuality "1"]

1. e4 c5 2. Nf3 e6 3. d4 cxd4 4. Nxd4 a6 5. a3 b5 6. Be2 Bb7 7. Bf3 Nc6 8. Nxc6 Bxc6 9. e5 Rc8 10. Nc3 Qc7 11. Bf4 f5 12. 0-0 Bc5 13. Bxc6 dxc6 14. Qf3 Ne7 15. Rfe1 0-0 16. h3 Rcd8 17. Rad1 Nd5 18. Nxd5 cxd5 19. c3 Rd7 20. Qg3 Kh8 21. Be3 f4 22. Bxf4 Rdf7 23. Be3 Rf5 24. Bxc5 Qxc5 25. Re2 1/2-1/2

[Event "Hessen-ch Seniors op 08th"]
[Site "Bad Sooden-Allendorf"]
[Date "2012.04.17"]
[Round "4"]
[White "Otto, Klaus"]
[Black "Freerksen, Uwe"]
[Result "1-0"]
[WhiteElo "1873"]
[BlackElo "1586"]
[PlyCount "61"]
[EventDate "2012.04.14"]
[EventType "swiss"]
[EventRounds "9"]
[EventCountry "GER"]
[SourceTitle "EXT 2019"]
[Source "ChessBase"]
[SourceDate "2018.10.10"]
[SourceVersion "1"]
[SourceVersionDate "2018.10.10"]
[SourceQuality "1"]

1. e4 e5 2. Nf3 d6 3. d4 Nc6 4. dxe5 Nxe5 5. Nxe5 dxe5 6. Qxd8+ Kxd8 7. Bc4 f6 8. 0-0 Bd6 9. Nc3 Ne7 10. Be3 a6 11. Rad1 Bd7 12. Nd5 Nxd5 13. Bxd5 Bc6 14. c4 Bxd5 15. Rxd5 b6 16. Bxb6 cxb6 17. Rxd6+ Kc7 18. Rfd1 Rhd8 19. Rxd8 Rxd8 20. Rxd8 Kxd8 21. b4 Kc7 22. a4 Kc6 23. Kf1 a5 24. bxa5 bxa5 25. Ke2 Kc5 26. Kd3 g6 27. h4 Kb4 28. g4 Kxa4 29. Kc3 h6 30. h5 gxh5 31. gxh5 1-0

[Event "Hessen-ch Seniors op 08th"]
[Site "Bad Sooden-Allendorf"]
[Date "2012.04.16"]
[Round "3"]
[White "Limberg, Siegfried"]
[Black "Otto, Klaus"]
[Result "1-0"]
[WhiteElo "2081"]
[BlackElo "1873"]
[PlyCount "71"]
[EventDate "2012.04.14"]
[EventType "swiss"]
[EventRounds "9"]
[EventCountry "GER"]
[SourceTitle "EXT 2019"]
[Source "ChessBase"]
[SourceDate "2018.10.10"]
[SourceVersion "1"]
[SourceVersionDate "2018.10.10"]
[SourceQuality "1"]

1. d4 Nf6 2. c4 e5 3. dxe5 Ng4 4. Nf3 Nc6 5. Bf4 Bb4+ 6. Nc3 Qe7 7. Rc1 Ngxe5 8. e3 d6 9. Be2 0-0 10. 0-0 a6 11. Nd5 Qd8 12. Nxe5 dxe5 13. Bxe5 Nxe5 14. Nxb4 Be6 15. f4 Qxd1 16. Rfxd1 c5 17. Nd5 Bg4 18. Bxg4 Nxg4 19. h3 Nh6 20. g4 f6 21. Kf2 Rfd8 22. Nb6 Rab8 23. Rd5 Nf7 24. Rcd1 Rxd5 25. Rxd5 Rd8 26. Nd7 b5 27. Nxc5 Rxd5 28. cxd5 a5 29. e4 Nd6 30. b3 a4 31. Ke3 axb3 32. axb3 Kf7 33. e5 Nc8 34. d6 Nb6 35. e6+ Ke8 36. Kd4 1-0

[Event "Oberfranken-ch Seniors"]
[Site "Bischofsgruen"]
[Date "2009.06.12"]
[Round "8"]
[White "Tunka, Josef"]
[Black "Otto, Klaus"]
[Result "0-1"]
[WhiteElo "1860"]
[BlackElo "1929"]
[PlyCount "40"]
[EventDate "2009.06.05"]
[EventType "swiss"]
[EventRounds "9"]
[EventCountry "GER"]
[SourceTitle "EXT 2012"]
[Source "ChessBase"]
[SourceDate "2011.11.24"]
[SourceVersion "1"]
[SourceVersionDate "2011.11.24"]
[SourceQuality "1"]

1. c4 Nf6 2. Nc3 e6 3. e4 d6 4. g3 Be7 5. Bg2 Nc6 6. d4 0-0 7. Nge2 a6 8. 0-0 h6 9. h3 Rb8 10. a4 Na7 11. Be3 Bd7 12. d5 Nc8 13. f4 c6 14. e5 dxe5 15. fxe5 Ne8 16. d6 Bg5 17. Qd2 Bxe3+ 18. Qxe3 Qb6 19. c5 Qd8 20. a5 Qg5 0-1